Les 20 villes les plus peuplées de Dordogne (24) - Statistiques

Statistiques générales
  • Ce quiz a été pris 65 fois
  • Le résultat moyen est 8 sur 20
Statistiques - réponses
HINT HINT ANSWER % Correct
29 876 P Périgueux
100%
26 852 B Bergerac
98%
8 786 S Sarlat-la-Canéda
80%
3 049 N Nontron
71%
7 319 T Trélissac
65%
3 770 R Ribérac
51%
5 309 S Saint-Astier
43%
10 628 B Boulazac Isle Manoire
39%
5 845 M Montpon-Ménestérol
31%
6 262 T Terrasson-Lavilledieu
29%
3 748 B Brantôme en Périgord
27%
3 663 N Neuvic
27%
3 165 M Marsac-sur-l'Isle
25%
4 362 P Prigonrieux
25%
7 537 C Coulounieix-Chamiers
22%
4 442 C Chancelade
20%
3 077 C Champcevinel
16%
4 720 N Notre-Dame-de-Sanilhac
14%
3 023 L La Roche-Chalais
12%
4 365 B Bassillac et Auberoche
8%
Aucun quiz correspondant
Distribution des résultats
% des personnes avec chaque résultat
Percentile par nombre de réponses
Votre historique - résultats
Vous n’avez pas pris ce quiz